Statistics for Things beginning with J

Click here to take the quiz!

General Stats

  • This quiz has been taken 52 times
  • The average score is 7 of 8

Answer Stats

Answer% Correct
Jaguar
100%
Joker
100%
jeans
98%
Jigsaw
96%
Jester
92%
Jelly
80%
Jack Russel
71%
Jewel
49%

Score Distribution

Percentile by Number Answered

Percent of People with Each Score

Your Score History

You have not taken this quiz